01009nam a2200289 u 45000010006000000050017000060080041000230350010000640400013000740410008000870800006000950820008001011000040001092450039001492600043001883000034002316500041002656500037003067000041003437000038003849420010004229990017004325020012004495260008004619520127004699520123005965731720260504072109.0960313s1989 ||||||m| spa  a57317 ccomduadb aspa aG 4a53610aArboleda, Benilda4auteaut925816010aMódulo de transferencia de calor aMedellín :b[sin publicador],c1989. a62 páginas :bilustraciones 7aTransmisión del calor2lemb931915 aIntercambiadores de calor93312510aVergara, Bladimiro4auteaut948289310aGrisales, Jaime4auteaut9315964 cTESIS c32138d32138 b178c17 a180 001040708TESISBCaBCbBCd1998-05-14iC94172l0o536.2 A666mp61000002259873r2023-04-20 00:00:00t1w2023-04-20yTESIS 001040708GENERALaCENDIbCENDId2015-01-15iC1219342l0oG 09511p790184r2025-01-29 00:00:00t2w2023-04-20yTESIS